000
00325cam a2200145ua 4500
999
_c
2481
_d
2481
005
20200403045542.0
008
131126n II |||gr||||Z||||||eng
040
_a
MAIN
_c
082
_a
910.1312 AGA
100
_a
AGARWALA, S.N.
245
_a
POPULATION
250
_a
1st
942
_c
BK
_2
ddc
653
_a
Population Geography